Hospitalizácia, stratifikácia a rehabilitácia chorých s akútnym infarktom myokardu

Bibliographic Details
Main Authors: Cagáň, Stanislav, 1932-2006 (Author), Wimmerová, Soňa, 1953- (Author), Besedová, Ivana (Author), Trnovec, Tomáš, 1932- (Author)
Format: Article
Language:Slovak
PhysicalDescription:Obr.
ISSN:1210-0366
Subjects:

MARC

LEADER 00000nab a2200000 a 4500
001 vtls000770540
003 SK-MaSNL
005 20260304125329.0
008 250429c2001 xo 0 slo
015 |a SNBRB2001/10-28845 
035 |a CLN000122327 
035 |a urn:nbn:sk:snk-ab7ait 
035 |a (uuid)64893e20-0848-4ad1-9c41-f1b49f515c4d 
035 |a (urnnbn)urn:nbn:sk:snk:ar-a07dnx 
035 |a (sysno)vtls000770540 
040 |a SNKBUCL  |b slo  |c SNKBUCL  |e AACR2 
041 0 |a slo 
044 |a xo  |c SK 
080 |a 616.127-005.8-08  |2 1997 
080 |a 615.8  |2 1997 
245 0 0 |a Hospitalizácia, stratifikácia a rehabilitácia chorých s akútnym infarktom myokardu  |c S. Cagáň ... [et al.] 
300 |b Obr. 
504 |a Res. angl., slov. 
504 |a Bibliogr. odkazy 
650 0 7 |a myokard  |2 SNKPH  |9 14737 
650 0 7 |a liečebná rehabilitácia  |2 SNKPH  |9 3306 
650 0 7 |a akútny infarkt myokardu  |2 SNK  |9 847499 
650 0 7 |a hospitalizácia  |2 SNKPH  |9 18621 
655 7 |a články z novín a časopisov  |2 SNK  |9 267496 
700 1 |a Cagáň, Stanislav,  |d 1932-2006  |4 aut  |9 14086 
700 1 |a Wimmerová, Soňa,  |d 1953-  |4 aut  |9 14087 
700 1 |a Besedová, Ivana  |4 aut  |9 526125 
700 1 |a Trnovec, Tomáš,  |d 1932-  |4 aut  |9 202738 
773 0 |t Eurorehab  |g Roč. 11, č. 3 (2001), s. 134-143  |x 1210-0366 
850 |a Slovenská národná knižnica 
852 |a Slovenská národná knižnica 
954 |a odborná, vedecká literatúra pôvodná (slovenská)  |2 lita 
958 |a article27 
958 |a OND 
958 |a MI 
958 |a NB 
958 |a EUIPO 
992 |a RBX 
999 |c 2893887  |d 2895817